000 00447nam a2200181Ia 4500
005 20230725103157.0
008 131103s9999 xx 000 0 und d
040 _aLoreto College
041 _aEnglish
082 _aF
_bCRO
100 _aCronin,Vincent
245 4 _aThe Last migration
_cVincent Cronin
260 _aLondon
_bThe Reprint Society
_c1957
300 _a382 p.
650 _aFiction in English
850 _aLCLIB
942 _cBK
999 _c15637
_d66116